Dilemmas of monetary and fiscal policy in Poland in relation to transition process and integration with the European Union
Fiškálna a menová politika v Poľsku v prechodnom procese a v procese integrácie s EÚ. Miera inflácie vo SVE v rokoch 1990-2000. Zmeny HDP v Poľsku, v ČR a v Maďarsku. Deficit rozpočtu vo SVE v rokoch 1990-2000. Miera dane z pridanej hodnoty v Poľsku a v niektorých členských krajinách EÚ.
Saved in:
| Main Author: | |
|---|---|
| Format: | Book Chapter |
| Language: | English |
| Subjects: | |
| Tags: |
No Tags, Be the first to tag this record!
|
MARC
| LEADER | 00000naa$a2200000$$$4500 | ||
|---|---|---|---|
| 001 | 0005501 | ||
| 005 | 20221128113946.5 | ||
| 041 | 0 | |a eng | |
| 044 | |a SK | ||
| 245 | 1 | 0 | |a Dilemmas of monetary and fiscal policy in Poland in relation to transition process and integration with the European Union |c aut. Iwona Pawlas |
| 520 | |a Fiškálna a menová politika v Poľsku v prechodnom procese a v procese integrácie s EÚ. Miera inflácie vo SVE v rokoch 1990-2000. Zmeny HDP v Poľsku, v ČR a v Maďarsku. Deficit rozpočtu vo SVE v rokoch 1990-2000. Miera dane z pridanej hodnoty v Poľsku a v niektorých členských krajinách EÚ. | ||
| 610 | 2 | 0 | |a politika fiškálna |
| 610 | 2 | 0 | |a politika finančná |
| 610 | 2 | 0 | |a politika menová |
| 610 | 2 | 0 | |a Poľsko |
| 610 | 2 | 0 | |a Európska únia |
| 100 | 1 | |a Pawlas, Iwona | |